01906cam a22003495a 4500001001000000003000400010005001700014008004100031020002500072020002200097040003000119082002100149100003300170245009600203246003200299250001300331260006500344300004700409500002400456504059800480590002001078650003601098651001001134653002201144655002101166700003601187700003801223942002501261999001701286952011901303952013401422016111701OSt20150811101545.0120620t2013 moua frb 001 0 eng|d a9781437724189 (hbk.) a1437724183 (hbk.) aEG-ScBUE bengcEG-ScBUE 04a617.695222bANU1 aAnusavice, Kenneth J.93015710aPhillips' science of dental materials /cKenneth J. Anusavice, Chiayi Shen, H. Ralph Rawls.30aScience of dental materials a12th ed. aSt. Louis, Missouri :bElsevier Saunders,cc.2013e(Beijing) axiii, 571 p. :bill. (some col.) ;c29 cm. aIndex : p. 538-571. aIncludes bibliographical references.  aMohamed Hussein 0aDental materials.9301552BUEsh 2BUEsh bDDentcAugust2015 vtext book9337281 a Shen, Chiayi,934815eauthor. 1 aRawls, H. Ralph,934816eauthor.  2ddccBBk617.695 ANU c17914d17886 00102ddc40708BaccahaMAINbMAINc1STd2014-01-12epurchasel0o617.695 ANUp000035324r2025-07-15 00:00:00yNB 00102ddc40708BaccahaMAINbMAINc1STd2014-01-12epurchasel2m7o617.695 ANUp000035325r2025-07-15 00:00:00s2017-02-01yBB